| 000 | 00912nam a22002417a 4500 | ||
|---|---|---|---|
| 999 |
_c63458 _d63458 |
||
| 005 | 20240530110642.0 | ||
| 008 | 171023s2015 ua a g b 000 0 ara d | ||
| 017 |
_a2015/2283 _bمصر. دار الكتب |
||
| 020 | _a9789773506261 | ||
| 040 |
_aEG-CaGPL _cEG-CaGPL |
||
| 082 | 0 | 4 |
_221 _a370.15\ _bع ق |
| 100 | 0 | _aعادل محمد العدل . | |
| 245 | 1 | 2 |
_aالقياس و التقويم : _bبناء وتقنين المقاييس / _cعادل محمد العدل . |
| 250 | _aط.1 | ||
| 260 |
_aالقاهرة : _bدار الكتاب الحديث ، _c2015 . |
||
| 300 |
_a437 ص. : _bايض ؛ _c24 سم. |
||
| 504 | _aببليوجرافية : ص 423 - 433 | ||
| 650 | 0 | 7 |
_2qrmak _aعلم النفس التربوى . |
| 650 | 0 | 7 |
_2qrmak _aالاختبارات النفسية . |
| 650 | 0 | 7 |
_2qrmak _aالقياس النفسى . |
| 942 |
_2ddc _cBK |
||